00221 a2200085 450000500170000002000180001710000160003524500540005126000300010520251204143147.0 a9789354439384 aKarukuri V. aVenky On Data Structures: For Those Who Hate Them bPHI Learning P.Ltd.c2025